A vector approach to oscillations (Record no. 2889)

MARC details
000 -LEADER
fixed length control field 00591nam a2200193Ia 4500
003 - CONTROL NUMBER IDENTIFIER
control field IN-BaIIA
008 - FIXED-LENGTH DATA ELEMENTS--GENERAL INFORMATION
fixed length control field 211028s9999 xx 000 0 eng d
040 ## - CATALOGING SOURCE
Transcribing agency IIA Library
080 ## - UNIVERSAL DECIMAL CLASSIFICATION NUMBER
Universal Decimal Classification number 514.742
Item number BOO
100 ## - MAIN ENTRY--PERSONAL NAME
Personal name Booker, H. G.
9 (RLIN) 5160
245 #2 - TITLE STATEMENT
Title A vector approach to oscillations
Statement of responsibility, etc. H. G. Booker
260 ## - PUBLICATION, DISTRIBUTION, ETC.
Place of publication, distribution, etc. New York
Name of publisher, distributor, etc. Academic Press
Date of publication, distribution, etc. 1965
300 ## - PHYSICAL DESCRIPTION
Extent x, 149p.
490 ## - SERIES STATEMENT
Series statement Academic paperbacks series
650 ## - SUBJECT ADDED ENTRY--TOPICAL TERM
Topical term or geographic name entry element Astronomy and Astrophysics Thesaurus
650 ## - SUBJECT ADDED ENTRY--TOPICAL TERM
Topical term or geographic name entry element Oscillations
9 (RLIN) 2762
650 ## - SUBJECT ADDED ENTRY--TOPICAL TERM
Topical term or geographic name entry element Vector algebra
9 (RLIN) 5161
942 ## - ADDED ENTRY ELEMENTS (KOHA)
Koha item type Books
Holdings
Withdrawn status Lost status Damaged status Not for loan Home library Current library Shelving location Date acquired Cost, normal purchase price Total Checkouts Full call number Barcode Date last seen Cost, replacement price Price effective from Koha item type Purchase Price
        IIA Library-Bangalore IIA Library-Bangalore General Stacks 30/03/1967 17.64   514.742/ BOO 3213 05/11/2021 17.64 30/03/1967 Books Rs. 17.64

Powered by Koha